000
00257nam a2200109Ia 4500
008
190216s9999||||xx |||||||||||||| ||und||
100
_a
Leslie Thomas
245
0
_a
This Time Rest Week
260
_b
Pan Books London
650
_a
English
942
_c
BK
999
_c
13309
_d
13309